[Event "ITA-ch U20"]
[Site "Tarvisio"]
[Date "2023.07.09"]
[Round "9"]
[White "Zavattero, Luca"]
[Black "Gregorig, Marco"]
[Result "1-0"]
[WhiteElo "1819"]
[BlackElo "1619"]
[PlyCount "79"]
[EventDate "2023.07.02"]
[EventType "swiss"]
[EventRounds "9"]
[EventCountry "ITA"]
[SourceTitle "EXT 2024"]
[Source "ChessBase"]
[SourceDate "2023.10.10"]
[SourceVersion "1"]
[SourceVersionDate "2023.10.10"]
[SourceQuality "1"]

1. e4 c5 2. Nf3 d6 3. d4 cxd4 4. Nxd4 Nf6 5. Nc3 g6 6. Bc4 Bg7 7. Bb3 0-0 8. f3 Nc6 9. Be3 Bd7 10. Qd2 a6 11. 0-0-0 Rc8 12. Nxc6 Bxc6 13. Bh6 b5 14. h4 b4 15. Nd5 Bxd5 16. exd5 Qa5 17. h5 Rc5 18. Bxg7 Kxg7 19. Rde1 Rc7 20. g4 Rh8 21. Rh2 Qb5 22. hxg6 fxg6 23. g5 Nh5 24. Qd4+ Kg8 25. Rhe2 Ng7 26. Rxe7 Rxe7 27. Rxe7 Nf5 28. Qe4 Nxe7 29. Qe6+ Kg7 30. Qxe7+ Kg8 31. Qe6+ Kg7 32. Qe7+ Kg8 33. Qe6+ Kg7 34. Qe7+ Kg8 35. Qxd6 Qf1+ 36. Kd2 Qf2+ 37. Kd3 Qxf3+ 38. Kd4 Kg7 39. Qe7+ Qf7 40. Qe5+ 1-0